La clinica contemporanea / (Record no. 69214)
[ view plain ]
| 000 -LEADER | |
|---|---|
| campo de control de longitud fija | 01240nam a2200181 i 4500 |
| 001 - NÚMERO DE CONTROL | |
| campo de control | 69214 |
| 003 - IDENTIFICADOR DE NÚMERO DE CONTROL | |
| campo de control | ES-MaACL |
| 005 - FECHA Y HORA DE LA ÚLTIMA TRANSACCIÓN | |
| campo de control | 20230906170449.0 |
| 007 - CAMPO FIJO DE DESCRIPCIÓN FÍSICA--INFORMACIÓN GENERAL | |
| campo de control de longitud fija | t| |
| 008 - DATOS DE LONGITUD FIJA--INFORMACIÓN GENERAL | |
| campo de control de longitud fija | 040921m19071910it |||| | ita d |
| 245 03 - MENCIÓN DEL TÍTULO | |
| Título | La clinica contemporanea / |
| Mención de responsabilidad, etc. | esposta per monografie dagli illlustri specialisti... , sotto la direzione di E. v. Leyden e F. Klemperer. |
| 260 ## - PUBLICACIÓN, DISTRIBUCIÓN, ETC. | |
| Lugar de publicación, distribución, etc. | Milano : |
| Nombre del editor, distribuidor, etc. | Societa Editrice Libraria, |
| Fecha de publicación, distribución, etc. | 1907-1910. |
| 300 ## - DESCRIPCIÓN FÍSICA | |
| Extensión | 12 t. en 18 v. ; |
| Dimensiones | 25 cm. |
| 505 8# - NOTA DE CONTENIDO CON FORMATO | |
| Nota de contenido con formato | Contiene: V. 1. Patologia generale e terapia -- v. 2. Malattie infettive -- v. 3. Malattie costituzionali e malattie del sangue -- v. 4.1. Malattie delle vie respiratorie -- v. 4.2. Malattie del cuore -- v. 4.3. Malattie dei reni -- v.5. Malattie dell'apparato digerente -- v. 6.1. Malattie nervose -- v. 6.2. Malattie nervose -- v. 6.3. Psichiatria -- v. 7. Malattie dei bambini -- v. 8.1. Patologia chirurgica -- v. 8.2. Patologia chirurgica, oftalmologia e otoiatria -- v. 9. Ostetricia e ginecologia -- v. 10.1. Malattie della vescica e degli organi sessuali -- v. 10.2. Dermatologia -- v. 11. Patologia e clinica -- v. 12. Volume di supplemento. |
| 700 1# - ENTRADA AGREGADA--NOMBRE PERSONAL | |
| Nombre de persona | Leyden, Ernst von. |
| 9 (RLIN) | 72099 |
| 700 1# - ENTRADA AGREGADA--NOMBRE PERSONAL | |
| Nombre de persona | Klemperer, Félix. |
| 9 (RLIN) | 68244 |
| 852 ## - LOCALIZACIÓN | |
| Ubicación | ES-MaACL |
| Número de control de estantería | B-10908-25 |
| Estatus retirado | Estado de pérdida | Estado de daño | No para préstamo | Biblioteca de origen | Biblioteca actual | Ubicación en estantería | Fecha de adquisición | Fuente de adquisición | Total de préstamos | Signatura topográfica completa | Código de barras | Visto por última vez | Precio de reemplazo | Tipo de ítem Koha |
|---|---|---|---|---|---|---|---|---|---|---|---|---|---|---|
| Biblioteca del Ateneo de Madrid | Biblioteca del Ateneo de Madrid | Sala Pardo Bazán | 17/01/2008 | B-10908-25 | 1072479 | 23/02/2023 | 23/02/2023 | Libro impreso |
